Efektivní hospodaření obcí a měst - využití finančních trhů

Komunálne financie v roku 1999. Nakladanie s pridelenými prostriedkami. Skúsenosti miest a obcí s finančným trhom. Špecifiká miest a obcí (organizačno-riadiace špecifiká, princíp financovania, investičné špecifiká, daňové špecifiká).

Gespeichert in:
Bibliographische Detailangaben
1. Verfasser: Skřivanová, Alena
Format: Buchkapitel
Sprache:Tschechisch
Schlagworte:
Tags: Tag hinzufügen
Keine Tags, Fügen Sie das erste Tag hinzu!

MARC

LEADER 00000naa a2200000 4500
001 r037498
005 20231003114037.4
041 0 |a cze 
044 |a CZ 
245 1 0 |a Efektivní hospodaření obcí a měst - využití finančních trhů  |c Alena Skřivanová 
520 |a Komunálne financie v roku 1999. Nakladanie s pridelenými prostriedkami. Skúsenosti miest a obcí s finančným trhom. Špecifiká miest a obcí (organizačno-riadiace špecifiká, princíp financovania, investičné špecifiká, daňové špecifiká). 
610 2 0 |a rozpočet miestny 
610 2 0 |a financie verejné 
610 2 0 |a mestá 
610 2 0 |a obce 
610 2 0 |a trh finančný 
610 2 0 |a efektívnosť 
100 1 |a Skřivanová, Alena